Wie viele Hauptbahnhöfe gibt es in den Niederlanden im Jahr 2024 - Statistiken

Allgemein
  • Dieses Quiz wurde 34 mal gespielt
  • Das Durchschnittsergebnis liegt bei 5 aus 8
Antwortstatistiken
Hint Antwort % Korrekt
Amsterdam
100%
U Utrecht
97%
R Rotterdam
94%
E Eindhoven
79%
D Den Haag
76%
Arnheim
39%
L Leiden
27%
A Amersfoort
21%
Keine übereinstimmenden Quizze gefunden
Verteilung der Resultate
Anzahl Personen mit jedem Resultat
Perzentil nach korrekt beantworteten Fragen
Ihre Resultats-Entwicklung
Sie haben dieses Quiz noch nicht gespielt